书目信息 |
| 题名: |
立体化学
|
|
| 作者: | 叶秀林 编著 | |
| 分册: | ||
| 出版信息: | 北京 北京大学出版社 1999 |
|
| 页数: | 405页 | |
| 开本: | 26cm | |
| 丛书名: | 北京大学化学教材系列 | |
| 单 册: | ||
| 中图分类: | O641.6 | |
| 科图分类: | ||
| 主题词: | 立体化学--高等学校--教材 | |
| 电子资源: | ||
| ISBN: | 7-301-04166-7 | |
| 000 | 00655nam0 2200241 45 | |
| 001 | 0199039956 | |
| 005 | 20031219104111.1 | |
| 010 | @a7-301-04166-7@dCNY35.00 | |
| 100 | @a20000116d1999 em y0chiy0121 ea | |
| 101 | 0 | @achi |
| 102 | @aCN@b110000 | |
| 105 | @ay z 000yy | |
| 106 | @ar | |
| 200 | 1 | @a立体化学@Ali ti hua xue@f叶秀林编著 |
| 210 | @a北京@c北京大学出版社@d1999 | |
| 215 | @a405页@d26cm | |
| 225 | 2 | @a北京大学化学教材系列 |
| 410 | 0 | @120010@a北京大学化学教材系列 |
| 606 | @a立体化学@x高等学校@x教材 | |
| 690 | @aO641.6@v4 | |
| 701 | 0 | @a叶秀林@Aye xiu lin@4编著 |
| 801 | @aCN@bTSTC@c20030616 | |
| 905 | @b324048-052@dO641.6@e34@f5 | |
| 立体化学/叶秀林编著.-北京:北京大学出版社,1999 |
| 405页;26cm.-(北京大学化学教材系列) |
| ISBN 7-301-04166-7:CNY35.00 |
| ● |
| 相关链接 |
|
|
|
|
正题名:立体化学
索取号:O641.6/34
 
预约/预借
| 序号 | 登录号 | 条形码 | 馆藏地/架位号 | 状态 | 备注 |
| 1 | 0324048 | 203240484 | 第三借阅区/ [索取号:O641.6/34] | 在馆 | |
| 2 | 0324049 | 203240493 | 第三借阅区/ [索取号:O641.6/34] | 在馆 | |
| 3 | 0324050 | 203240509 | 第三借阅区/ [索取号:O641.6/34] | 在馆 | |
| 4 | 0324051 | 203240518 | 第三借阅区/ [索取号:O641.6/34] | 在馆 | |
| 5 | 0324052 | 203240527 | 第二样本阅览室/ [索取号:O641.6/34] | 在馆 |